LEADER 01338nam0-2200421---450 001 990009504240403321 005 20200122172426.0 010 $a978-88-08-18320-0 035 $a000950424 035 $aFED01000950424 035 $a(Aleph)000950424FED01 035 $a000950424 100 $a20111215d2010----km-y0itay50------ba 101 0 $aita 102 $aIT 105 $aa---j---001yy 200 1 $aAtlante di istologia e anatomia microscopica$fMichael H. Ross, Wojciech Pawlina, Todd A. Barnash$gedizione italiana a cura di Alberto Calligaro, Maria Flavia Di Renzo 210 $aMilano$cCEA$d2010 215 $aXI, 370 p.$cill.$d28 cm 454 0$12001$aAtlas of descriptive histology$954137 610 0 $aIstologia veterinaria 610 0 $aAnatomia veterinaria 676 $a636.0891018$v22$zita 700 1$aRoss,$bMichael H.$f<1930- >$0206998 701 1$aPawlina,$bWojciech$0100985 702 1$aBarnash,$bTodd A. 702 1$aCalligaro,$bAlberto 702 1$aDi Renzo,$bFlavia 801 0$aIT$bUNINA$gRICA$2UNIMARC 901 $aBK 912 $a990009504240403321 952 $a636.0891018 ROS 4$b606$fFMVBC 952 $a90 G 2a 64$b97/2017$fFMEBC 952 $a90 G 2a 65$b98/2017$fFMEBC 959 $aFMVBC 959 $aFMEBC 996 $aAtlas of descriptive histology$954137 997 $aUNINA